|
|
|
|
| LEADER |
00000nam0a2200000 4500 |
| 001 |
266461 |
| 005 |
20231101234013.0 |
| 020 |
|
|
|a RU
|b 87-7207
|
| 035 |
|
|
|a (RuTPU)RU\TPU\book\289481
|
| 090 |
|
|
|a 266461
|
| 100 |
|
|
|a 20140709d1986 k y0rusy5003 ca
|
| 101 |
0 |
|
|a rus
|
| 102 |
|
|
|a RU
|
| 105 |
|
|
|a a z 001zy
|
| 200 |
1 |
|
|a Ветровые и гололедные воздействия на конструкции горных ВЛ
|e сборник научных трудов
|f Энергетический научно-исследовательский институт им. Г.М. Кржижановского (ЭНИН)
|
| 210 |
|
|
|a Москва
|c Изд-во ЭНИН
|d 1986
|
| 215 |
|
|
|a 180,7 с.
|c ил.
|d 20 см
|
| 320 |
|
|
|a Библиогр. в конце статей
|
| 606 |
1 |
|
|a Электрические линии передачи, воздушные
|x Обледенение
|2 stltpush
|3 (RuTPU)RU\TPU\subj\27018
|9 50829
|
| 610 |
1 |
|
|a провода
|
| 610 |
1 |
|
|a ветровые нагрузки
|
| 610 |
1 |
|
|a динамический расчет
|
| 610 |
1 |
|
|a опоры
|
| 610 |
1 |
|
|a изгибающие моменты
|
| 610 |
1 |
|
|a механические напряжения
|
| 610 |
1 |
|
|a расчет на ЭВМ
|
| 610 |
1 |
|
|a гололедно-изморозевые образования
|
| 610 |
1 |
|
|a горные районы
|
| 610 |
1 |
|
|a конструкции
|
| 610 |
1 |
|
|a ледовые отложения
|
| 610 |
1 |
|
|a гололед
|
| 610 |
1 |
|
|a локальные участки
|
| 610 |
1 |
|
|a плавка
|
| 675 |
|
|
|a 621.315.175
|z rus
|v 3
|
| 712 |
0 |
2 |
|a Энергетический научно-исследовательский институт им. Г.М. Кржижановского (ЭНИН)
|c (Москва)
|c (1961-1993)
|2 stltpush
|3 (RuTPU)RU\TPU\col\3004
|
| 801 |
|
0 |
|a RU
|b RuMRKP
|c 19960705
|g psbo
|
| 801 |
|
1 |
|a RU
|b 63413507
|c 20140709
|
| 801 |
|
2 |
|a RU
|b 63413507
|c 20170216
|g RCR
|
| 942 |
|
|
|c BK
|